| 000 | ncm a22 a 4500 | ||
|---|---|---|---|
| 999 |
_c350283 _d350283 |
||
| 003 | BLK | ||
| 005 | 20200519114354.0 | ||
| 008 | 200401b bu ||||| |||| 00| 0 bu d | ||
| 040 | _aBLK | ||
| 041 |
_aBUL _cBUL |
||
| 080 |
_aВалдхорна _b788.42 _z788.42 |
||
| 080 |
_aТрио _b78.087.33 _z78.087.33 |
||
| 139 |
_aКонцерти за две валдхорни и пиано [Нотирана музика] _bК 81 |
||
| 245 |
_aКонцерти за две валдхорни и пиано _cклавирно извлечение от Стоян Караиванов _b[Нотирана музика] |
||
| 260 |
_9209430 _aСофия _bМузика _c1978 |
||
| 300 |
_a1 партитура (56 с.) _c34 см _e2 щима (11, 12 с.) |
||
| 380 | _a7 | ||
| 500 | _aСъдържа: Концерт / Антонио Вивалди. Концерт фа мажор / Георг Фридрих Хендел. Концерт ми-бемол мажор / Георг Филип Телеман | ||
| 650 | 0 |
_9353188 _aВалдхорна - концерти |
|
| 700 |
_9625 _aКараиванов, Стоян _eклав. извлеч. |
||
| 852 |
_aЦб М ІІ 7459 _bЦб |
||
| 942 |
_cNOT _n0 _s1 |
||
| 944 |
_aCR _c2020-04-01 _l2020-04-01 |
||
| 944 |
_aED _c2020-05-19 _kГГГ |
||
| 999 | _d350283 | ||
| 999 | _d350283 | ||
| 999 | _d350283 | ||
| 999 | _d350280 | ||
| 999 | _d350280 | ||
| 999 | _d350276 | ||
| 999 | _d350275 | ||
| 999 | _d350265 | ||
| 999 | _d350260 | ||
| 999 | _d350259 | ||
| 999 | _d350256 | ||